<?xml version="1.0" encoding="UTF-8"?>
<record
    xmlns:xsi="http://www.w3.org/2001/XMLSchema-instance"
    xsi:schemaLocation="http://www.loc.gov/MARC21/slim http://www.loc.gov/standards/marcxml/schema/MARC21slim.xsd"
    xmlns="http://www.loc.gov/MARC21/slim">

  <leader>00739    a2200181   4500</leader>
  <controlfield tag="001">122019</controlfield>
  <datafield tag="020" ind1=" " ind2=" ">
    <subfield code="a">9788510044967</subfield>
  </datafield>
  <datafield tag="040" ind1=" " ind2=" ">
    <subfield code="c">Escola Canadense de Niteroi</subfield>
  </datafield>
  <datafield tag="090" ind1=" " ind2=" ">
    <subfield code="a">CAS-P8</subfield>
  </datafield>
  <datafield tag="100" ind1=" " ind2=" ">
    <subfield code="a">Casasanta, Therezinha </subfield>
  </datafield>
  <datafield tag="245" ind1="1" ind2="0">
    <subfield code="a">Peixinho Dourado vai passear</subfield>
  </datafield>
  <datafield tag="260" ind1=" " ind2=" ">
    <subfield code="a">S&#xE3;o Paulo</subfield>
  </datafield>
  <datafield tag="300" ind1=" " ind2=" ">
    <subfield code="b">il.</subfield>
    <subfield code="c">8 x 20.2 x 0.4 cm</subfield>
  </datafield>
  <datafield tag="362" ind1="0" ind2=" ">
    <subfield code="a">2009</subfield>
  </datafield>
  <datafield tag="520" ind1=" " ind2=" ">
    <subfield code="a">Peixinho Dourado vivia tranquilo com sua fam&#xED;lia no fundo do mar, mas resolveu um dia arriscar-se a nadar mais longe. Foi parar na praia, onde as crian&#xE7;as o recolheram e o puseram no aqu&#xE1;rio. Pobre peixinho... Mas tudo volta a ser como antes e Peixinho Dourado agora tem muito a contar sobre suas fant&#xE1;sticas aventuras.</subfield>
  </datafield>
  <datafield tag="650" ind1=" " ind2="4">
    <subfield code="a">Literatura Infantil</subfield>
  </datafield>
  <datafield tag="942" ind1=" " ind2=" ">
    <subfield code="c">BK</subfield>
  </datafield>
  <datafield tag="952" ind1=" " ind2=" ">
    <subfield code="0">0</subfield>
    <subfield code="1">0</subfield>
    <subfield code="4">0</subfield>
    <subfield code="7">0</subfield>
    <subfield code="a">80.1</subfield>
    <subfield code="b">80.1</subfield>
    <subfield code="d">2024-02-09</subfield>
    <subfield code="l">0</subfield>
    <subfield code="o">CAS-P8</subfield>
    <subfield code="p">A12047</subfield>
    <subfield code="r">2024-02-09 21:17:56</subfield>
    <subfield code="w">2024-02-09</subfield>
    <subfield code="y">BK</subfield>
  </datafield>
  <datafield tag="999" ind1=" " ind2=" ">
    <subfield code="c">122019</subfield>
    <subfield code="d">122019</subfield>
  </datafield>
</record>
